000 01039njm a22002777a 4500
005 20100914152621.0
007 sd ammalaaahaa
008 100913t xxu||||| |||| 00| 0 hin d
028 _a2392997
_bPolydor
035 _aGR-03774
040 _aSED/VEN
100 _aKapoor, Mehendar
_91184
245 _aDil ki Awaaz /
_cby Mahendra Kapoor ; Lyrics by Saeed Rahi
_h[sound recording] :
246 _aदिल की आवाज़ / महेंद्र कपूर द्वारा
260 _aDum Dum India
_bPolydor
_c1981
300 _a1 sound disc [Gramophone record] :
_banalog, 33 1/3 rpm
_c12.5 in. (LP)
_fGramophone Record
500 _aBrief Record
500 _aRecord label :Polydor, Red
505 _aSide-1 Aag yaadon mein laga di Side 2 Ilahi koi tamann nahin
600 _aKapoor, Mahendra
_919992
650 _aGhazals
_xExcerpts
_zIndia
_919603
700 _919604
700 _919605
942 _2ddc
_cGR
999 _c46853
_d46853